000 00484cam a22001337a 4500
008 180718b1982 xxu||||| |||| 00| 0 eng d
082 _aP6068x5453 K45
100 _aKerala. Survey Committee on Vocationalisation of Higher Secondry Education
245 _aReport of the Survey Committee on Vocationalisation of Higher Secondry Education in Kerala, 1980
260 _aTrivandrum
_bThe author
_c1982
300 _a27p.
500 _aChairman: P.A. Nair
700 _aNair, P.A. (Chairman)
999 _c489577
_d489577